01552nam a2200397 i 4500001000700000003000800007005001700015006001900032007001500051008004100066020002800107035002200135040003100157050002200188080001400210082001800224245016600242264004300408300005800451336003100509337003300540338004300573490001700616504002900633588008300662590016200745650002300907650001800930650001900948655002700967700004200994797001801036830001801054856006301072999001901135124518FINmELB20241217175615.0m o d | cr cnu||||||||171027s2014 sp a ob 000 0 spa d a9788436831733q(e-book) a(OCoLC)1145089580 aFINmELBbspaerdacFINmELB 4aRC469bM2945 2014 a159.97.070 a616.8907522300aManual para la evaluación clínica de los trastornos psicológicos :btrastornos de la edad adulta e informes psicológicos /cdirector, Vicente E. Caballo. 1aMadrid :bEdiciones Pirámide,c2014. a1 recurso en línea (658 páginas) :bilustraciones atextobtxt2rdacontent/spa acomputadorabc2rdamedia/spa arecurso en líneabcr2rdacarrier/spa1 aPsicología aContiene bibliografía. aDescripción basada en metadatos suministrados por el editor y otras fuentes. aRecurso electrónico. Santa Fe, Arg.: elibro, 2020. Disponible vía World Wide Web. El acceso puede estar limitado para las bibliotecas afiliadas a elibro. 0aPsychodiagnostics. 4aPsicología. 4aDiagnóstico. 4aLibros electrónicos.1 aCaballo Manrique, Vicente,edirector.2 aelibro, Corp. 0aPsicología.40uhttps://elibro.net/ereader/politecnicointernacional/114752 c124518d124518